000 00558cam a2200181 4500
001 D2619
008 090401t1984 xxu||||| |||| 00| 0 eng d
035 _a(Sirsi) u69952
041 _aeng
050 _a333.33
110 _aCommonwealth Association of Surveying and Land Economy
_92570
245 4 _aThe role of the surveyor in development: report of the proceedings of a CASLE regional seminar held in Nicosia, Cyprus on 17-23 March 1984
260 _aLondon
_bCASLE
_c1984
300 _a205p. 30cm
350 _a0
942 _n0
948 _c04/03/1997
999 _c95257
_d95257